书目信息 |
| 题名: |
民主主义与教育
|
|
| 作者: | 约翰·杜威 著 | |
| 分册: | ||
| 出版信息: | 武汉 长江文艺出版社 2018.03 |
|
| 页数: | 319页 | |
| 开本: | 20cm | |
| 丛书名: | ||
| 单 册: | ||
| 中图分类: | G40-02 | |
| 科图分类: | ||
| 主题词: | 教育学 | |
| 电子资源: | ||
| ISBN: | 978-7-5702-0029-0 | |
| 000 | 00860nam0 2200217 450 | |
| 001 | 2662080116 | |
| 005 | 20260527171640.39 | |
| 010 | @a978-7-5702-0029-0@dCNY39.80 | |
| 100 | @a20260527d2018 km y0chiy0120 ea | |
| 101 | 0 | @achi |
| 102 | @aCN@b420000 | |
| 200 | 1 | @a民主主义与教育@AMin Zhu Zhu Yi Yu Jiao Yu@f(美) 约翰·杜威著@F(Mei)Yue Han·Du Wei Zhu |
| 210 | @a武汉@c长江文艺出版社@d2018.03 | |
| 215 | @a319页@d20cm | |
| 330 | @a本书共26章, 主要内容包括教育是生活的必需品 ; 教育是社会的职能 ; 教育即指导 ; 教育即生长 ; 预备、展开和形式训练 ; 保守的教育与进步的教育 ; 教育中的民主概念 ; 教育的目的 ; 以自然发展和社会效率为教育目的 ; 兴趣和纪律等。 | |
| 510 | 1 | @a=Democracy and education |
| 606 | 0 | @a教育学 |
| 690 | @aG40-02@v4 | |
| 701 | 0 | @a约翰·杜威@AYue Han·Du Wei@4著 |
| 801 | 0 | @aCN@b河南城建学院图书馆@c20260527 |
| 905 | @dG40-02@eY944 | |
| 民主主义与教育/(美) 约翰·杜威著.-武汉:长江文艺出版社,2018.03 |
| 319页;20cm |
| ISBN 978-7-5702-0029-0:CNY39.80 |
| 本书共26章, 主要内容包括教育是生活的必需品 ; 教育是社会的职能 ; 教育即指导 ; 教育即生长 ; 预备、展开和形式训练 ; 保守的教育与进步的教育 ; 教育中的民主概念 ; 教育的目的 ; 以自然发展和社会效率为教育目的 ; 兴趣和纪律等。 |
| ● |
| 相关链接 |
|
|
|
正题名:民主主义与教育
索取号:G40-02/Y944
 
预约/预借
| 序号 | 登录号 | 条形码 | 馆藏地/架位号 | 状态 | 备注 |
| 1 | 1556902 | 215569025 | 计算机与数据科学学院资料室/ [索取号:G40-02/Y944] | 在馆 |